Football: les adversaires Français de Liverpool en Coupes d'Europe - Statistiques

Statistiques générales
  • Ce quiz a été pris 350 fois
  • Le résultat moyen est 9 sur 10
Statistiques - réponses
Réponse % Correct
Paris SG
100%
Olympique de Marseille
98%
Olympique Lyonnais
96%
Toulouse FC
92%
Lille OSC
90%
Girondins de Bordeaux
89%
AS Monaco
87%
AS Saint-Etienne
82%
AJ Auxerre
62%
RC Strasbourg
60%
Aucun quiz correspondant
Distribution des résultats
% des personnes avec chaque résultat
Percentile par nombre de réponses
Votre historique - résultats
Vous n’avez pas pris ce quiz